[Event "European Blitz Championship 2021"]
[Site "Katowice"]
[Date "2021.12.17"]
[Round "18.2"]
[White "Pakleza, Zbigniew"]
[Black "Teclaf, Pawel"]
[Result "0-1"]
[WhiteElo "2496"]
[BlackElo "2543"]
[Annotator "ChessBase"]
[PlyCount "77"]
[EventDate "2021.12.17"]
[EventType "swiss"]
[EventCountry "POL"]
[SourceTitle "playchess.com"]
[Source "ChessBase"]
[SourceQuality "1"]

1. d4 Nf6 2. Nf3 b6 3. Bf4 Ba6 4. h3 e6 5. Nbd2 c5 6. c3 Nc6 7. Qa4 Qc8 8. e3
Bxf1 9. Nxf1 cxd4 10. exd4 Be7 11. Ne3 O-O 12. O-O a6 13. d5 b5 14. Qd1 Na5 15.
d6 Bd8 16. Qe2 Nc4 17. Rfd1 Bb6 18. Ng4 Nxg4 19. hxg4 f6 20. Bg3 Qc6 21. b3 Na5
22. Rac1 Rae8 23. g5 fxg5 24. Nxg5 Nb7 25. c4 b4 26. c5 Nxc5 27. Rc4 h6 28. Nf3
Rf5 29. Nd4 Qa8 30. Nxf5 exf5 31. Qh5 Ne4 32. Bh4 Re5 33. Rdc1 Qd5 34. Qg6 Bc5
35. R4c2 Re6 36. Qh5 g5 37. Rd1 Qe5 38. Rxc5 Qxc5 39. Qe2 0-1

[Event "European Blitz Championship 2021"]
[Site "Katowice"]
[Date "2021.12.17"]
[Round "18.2"]
[White "Spalir, Jernej"]
[Black "Zylka, Stanislaw"]
[Result "1/2-1/2"]
[WhiteElo "2368"]
[BlackElo "2143"]
[Annotator "NA"]
[PlyCount "82"]
[EventDate "2021.12.17"]
[EventType "swiss"]
[EventCountry "POL"]
[SourceTitle "playchess.com"]
[Source "ChessBase"]
[SourceQuality "1"]

1. d4 Nf6 2. Nf3 g6 3. c4 Bg7 4. Nc3 d5 5. Bf4 O-O 6. e3 c5 7. dxc5 Ne4 8. Be5
Nxc3 9. Bxc3 Bxc3+ 10. bxc3 Qa5 11. Qb3 dxc4 12. Bxc4 Na6 13. c6 Nc5 14. Qb4
Qb6 15. cxb7 Bxb7 16. Qxb6 axb6 17. Ke2 Ne4 18. Rhc1 Rfc8 19. Ne5 e6 20. f3
Nxc3+ 21. Rxc3 b5 22. a4 bxc4 23. a5 Ba6 24. Kd2 f6 25. Ng4 Kf7 26. Kc2 Rab8
27. Nf2 f5 28. Nd1 Rc5 29. Nb2 Rd8 30. Rd1 Rxd1 31. Kxd1 Rxa5 32. Nxc4 Bxc4 33.
Rxc4 Ra2 34. Rc2 Ra1+ 35. Ke2 Kf6 36. Kf2 g5 37. Kg3 Ra4 38. Rc8 h5 39. Rc2 h4+
40. Kf2 Ra1 41. h3 Ra3 1/2-1/2

[Event "European Blitz Championship 2021"]
[Site "Katowice"]
[Date "2021.12.17"]
[Round "18.3"]
[White "Diermair, Andreas"]
[Black "Karolczuk, Iwo"]
[Result "0-1"]
[WhiteElo "2357"]
[BlackElo "2093"]
[Annotator "NA"]
[PlyCount "132"]
[EventDate "2021.12.17"]
[EventType "swiss"]
[EventCountry "POL"]
[SourceTitle "playchess.com"]
[Source "ChessBase"]
[SourceQuality "1"]

1. d4 Nf6 2. Nf3 g6 3. g3 Bg7 4. Bg2 O-O 5. O-O d6 6. b3 c5 7. Bb2 cxd4 8. Nxd4
a6 9. c4 Qb6 10. Nc3 Nc6 11. Na4 Qc7 12. Rc1 Bd7 13. Nc3 Qb6 14. e3 Rac8 15.
Qd2 Ne5 16. h3 Rfd8 17. f4 Nc6 18. Kh2 h5 19. Rcd1 Bh6 20. Nf3 Bg7 21. e4 e6
22. e5 dxe5 23. fxe5 Nh7 24. Ne4 Be8 25. Nd6 Rb8 26. Qf4 Qc7 27. c5 b6 28. Rc1
Ne7 29. b4 Nd5 30. Qd2 bxc5 31. Rxc5 Qa7 32. a3 Bb5 33. Re1 Be8 34. Qc2 Bf8 35.
Bd4 Qd7 36. h4 Ra8 37. Rc1 Bxd6 38. exd6 Qxd6 39. Ba1 Qf8 40. Qb2 f6 41. Re1
Bf7 42. Nd4 Re8 43. Nc6 Qd6 44. Qd2 Rac8 45. Rec1 Qd7 46. Qf2 Rc7 47. Bxd5 exd5
48. Bxf6 Qc8 49. Ne7+ Rexe7 50. Bxe7 Rxc5 51. Qxc5 Qe6 52. Qc8+ Kg7 53. Qxe6
Bxe6 54. Bc5 Kf7 55. Bd4 Bd7 56. Rc7 Ke8 57. Ra7 Nf8 58. Rxa6 Ne6 59. Be3 d4
60. Bd2 Ke7 61. Ra7 Kd6 62. a4 d3 63. b5 Nd4 64. Kg2 Nb3 65. Bb4+ Ke6 66. b6
Ke5 0-1

[Event "European Blitz Championship 2021"]
[Site "Katowice"]
[Date "2021.12.17"]
[Round "18.4"]
[White "Kosakowski, Jakub"]
[Black "Klekowski, Maciej"]
[Result "0-1"]
[WhiteElo "2340"]
[BlackElo "2499"]
[Annotator "ChessBase"]
[PlyCount "92"]
[EventDate "2021.12.17"]
[EventType "swiss"]
[EventCountry "POL"]
[SourceTitle "playchess.com"]
[Source "ChessBase"]
[SourceQuality "1"]

1. e4 c5 2. Nf3 Nc6 3. Bb5 g6 4. O-O Bg7 5. Re1 e5 6. c3 Nge7 7. d4 cxd4 8.
cxd4 exd4 9. Bf4 d6 10. Nxd4 O-O 11. Bxc6 bxc6 12. Nc3 Qb6 13. Nb3 Rd8 14. Bg5
f6 15. Bf4 Be6 16. Rc1 Bf7 17. Re2 d5 18. e5 g5 19. exf6 Bxf6 20. Be5 Bxe5 21.
Rxe5 Ng6 22. Rxg5 Re8 23. h4 Qd8 24. Qg4 Kf8 25. h5 Ne5 26. Qg3 Qf6 27. Nc5
Rad8 28. Ne2 h6 29. Rxe5 Qxe5 30. Nf4 Qxb2 31. Nfd3 Qf6 32. Nf4 Qg5 33. Qa3 Kg8
34. Ncd3 Re4 35. Qa5 Rde8 36. g3 Rc4 37. Rb1 d4 38. Qxa7 c5 39. Qd7 Rc2 40. Rb7
Qf6 41. Kh2 c4 42. Nc5 Rxf2+ 43. Kg1 Rxf4 44. gxf4 Qxf4 45. Qh3 Re1+ 46. Kg2
Re2+ 0-1

[Event "European Blitz Championship 2021"]
[Site "Katowice"]
[Date "2021.12.17"]
[Round "18.4"]
[White "Skawinski, Arkadiusz"]
[Black "Piesik, Piotr"]
[Result "1-0"]
[WhiteElo "2184"]
[BlackElo "2336"]
[Annotator "NA"]
[PlyCount "109"]
[EventDate "2021.12.17"]
[EventType "swiss"]
[EventCountry "POL"]
[SourceTitle "playchess.com"]
[Source "ChessBase"]
[SourceQuality "1"]

1. e4 g6 2. d4 Bg7 3. Nf3 c6 4. Nc3 d6 5. Be3 Nf6 6. Qd2 b5 7. Bd3 O-O 8. h4 h5
9. Ng5 e5 10. a4 exd4 11. Bxd4 b4 12. Ne2 c5 13. Be3 Nc6 14. f3 Ne5 15. c3
Nxd3+ 16. Qxd3 a5 17. Rd1 d5 18. e5 Ba6 19. exf6 Bxd3 20. fxg7 Re8 21. Rxd3 c4
22. Rd2 Rxe3 23. O-O bxc3 24. bxc3 Rb8 25. Rfd1 Qe8 26. Nf4 Re1+ 27. Kf2 Rxd1
28. Rxd1 Rb2+ 29. Kg3 Qxa4 30. Rxd5 Kxg7 31. Re5 Qd7 32. Rxa5 Qe7 33. Ra4 Qe1+
34. Kh3 Qh1+ 35. Kg3 Qe1+ 36. Kh3 Qxc3 37. Ra7 Rb8 38. Rxf7+ Kg8 39. Nxg6 Re8
40. Rc7 Qe1 41. Nf4 Qh1+ 42. Kg3 Qe1+ 43. Kh3 Qh1+ 44. Kg3 Qe1+ 45. Kh3 Qh1+
46. Kg3 Qe1+ 47. Kh3 c3 48. Nxh5 Qe5 49. Rc4 c2 50. Ng3 Qd5 51. Rxc2 Qd7+ 52.
Kh2 Qd6 53. Rc4 Rd8 54. Rg4 Rb8 55. N5e4+ 1-0

[Event "European Blitz Championship 2021"]
[Site "Katowice"]
[Date "2021.12.17"]
[Round "18.5"]
[White "Jagodzinski, Piotr"]
[Black "Koziorowicz, Michal"]
[Result "0-1"]
[WhiteElo "2298"]
[BlackElo "2094"]
[Annotator "NA"]
[PlyCount "98"]
[EventDate "2021.12.17"]
[EventType "swiss"]
[EventCountry "POL"]
[SourceTitle "playchess.com"]
[Source "ChessBase"]
[SourceQuality "1"]

1. Nf3 Nf6 2. b3 g6 3. Bb2 Bg7 4. e3 d6 5. d4 O-O 6. Be2 c5 7. O-O Nbd7 8. c4
Rb8 9. Nc3 b6 10. d5 Ne8 11. Qc2 Bb7 12. e4 e5 13. dxe6 fxe6 14. Rad1 Qe7 15.
Rd2 Ne5 16. Nxe5 Bxe5 17. g3 Rd8 18. f4 Bd4+ 19. Kg2 Nf6 20. Bf3 e5 21. Nd5
Bxd5 22. exd5 Bxb2 23. Qxb2 exf4 24. Re2 Qf7 25. Re6 fxg3 26. Bg4 Nxg4 27. Rxf7
Rxf7 28. Kxg3 Ne5 29. Qe2 Rf5 30. Qd2 Nf7 31. Re7 Rg5+ 32. Kf2 Rf8 33. Qe3 Ne5+
34. Ke1 Rg1+ 35. Qxg1 Nf3+ 36. Kf2 Nxg1+ 37. Kxg1 a6 38. Rd7 Rf6 39. Rb7 b5 40.
cxb5 axb5 41. Rxb5 Rf5 42. a4 Rxd5 43. Rb7 Rd2 44. a5 Ra2 45. h4 Rxa5 46. Rd7
Rb5 47. Rxd6 Rxb3 48. Rd7 Rh3 49. Kg2 Rxh4 0-1

[Event "European Blitz Championship 2021"]
[Site "Katowice"]
[Date "2021.12.17"]
[Round "18.6"]
[White "Krzywda, Andrzej"]
[Black "Ustianovich, Nazar"]
[Result "0-1"]
[WhiteElo "2100"]
[BlackElo "2278"]
[Annotator "NA"]
[PlyCount "90"]
[EventDate "2021.12.17"]
[EventType "swiss"]
[EventCountry "POL"]
[SourceTitle "playchess.com"]
[Source "ChessBase"]
[SourceQuality "1"]

1. e4 c5 2. Nc3 Nc6 3. Bb5 Nd4 4. Nf3 Nxb5 5. Nxb5 d6 6. d4 Nf6 7. Qd3 cxd4 8.
Nbxd4 g6 9. Bg5 Bg7 10. O-O-O Qa5 11. Kb1 O-O 12. Rhe1 Bg4 13. Bd2 Qb6 14. Bc3
d5 15. e5 Ne4 16. Rxe4 dxe4 17. Qxe4 Bxf3 18. gxf3 Rad8 19. f4 e6 20. Re1 Rd5
21. f5 Rxe5 22. Qxe5 Bxe5 23. Rxe5 exf5 24. Re3 Rd8 25. Rd3 Re8 26. a3 a6 27.
h4 Qc7 28. Rg3 Qf4 29. Rg2 Rd8 30. Nb3 Rd1+ 31. Ka2 b6 32. h5 a5 33. f3 Qxf3
34. Rg5 a4 35. Nd4 Rxd4 36. Bxd4 Qd5+ 37. Kb1 Qxd4 38. h6 Qf4 39. Rg1 Qxh6 40.
Rd1 Qf4 41. c3 h5 42. Ka1 h4 43. Rd8+ Kg7 44. Rd4 Qxd4 45. cxd4 h3 0-1

[Event "European Blitz Championship 2021"]
[Site "Katowice"]
[Date "2021.12.17"]
[Round "18.7"]
[White "Balog, Imre"]
[Black "Niedbala, Bartlomiej"]
[Result "1-0"]
[WhiteElo "2573"]
[BlackElo "2179"]
[Annotator "ChessBase"]
[PlyCount "64"]
[EventDate "2021.12.17"]
[EventType "swiss"]
[EventCountry "POL"]
[SourceTitle "playchess.com"]
[Source "ChessBase"]
[SourceQuality "1"]

1. d4 Nf6 2. Bg5 e6 3. e4 h6 4. Bxf6 Qxf6 5. Nc3 d6 6. Qd2 g6 7. f4 g5 8. Nge2
gxf4 9. Nxf4 h5 10. Qf2 Bd7 11. g3 Nc6 12. O-O-O O-O-O 13. d5 Nb8 14. Qxa7 Bh6
15. Kb1 Bxf4 16. gxf4 Qxf4 17. Be2 Qe5 18. Rd4 c5 19. Rdd1 Rhg8 20. Bb5 Rg2 21.
Qb6 h4 22. h3 Rg3 23. Rhf1 Rg7 24. a4 Rh7 25. a5 Rg7 26. a6 bxa6 27. Bxa6+ Nxa6
28. Qxa6+ Kc7 29. Qa5+ Kc8 30. Rf3 Rf8 31. dxe6 Bxe6 32. Nb5 d5 1-0

[Event "European Blitz Championship 2021"]
[Site "Katowice"]
[Date "2021.12.17"]
[Round "18.7"]
[White "Batashevs, Arsens"]
[Black "Sharankov, Grigory"]
[Result "0-1"]
[WhiteElo "2091"]
[BlackElo "2238"]
[Annotator "NA"]
[PlyCount "159"]
[EventDate "2021.12.17"]
[EventType "swiss"]
[EventCountry "POL"]
[SourceTitle "playchess.com"]
[Source "ChessBase"]
[SourceQuality "1"]

1. Nf3 Nf6 2. b3 d6 3. d4 Nbd7 4. Bb2 g6 5. c4 Bg7 6. g3 O-O 7. Bg2 e5 8. dxe5
Ng4 9. O-O Ngxe5 10. Nxe5 Nxe5 11. Nc3 c6 12. Ne4 Nf3+ 13. exf3 Bxb2 14. Rb1
Ba3 15. b4 a5 16. Qd4 f6 17. b5 d5 18. cxd5 Qxd5 19. Qxd5+ cxd5 20. Nc3 d4 21.
Ne4 Be6 22. Rfd1 Rad8 23. Rd3 Be7 24. a4 Bc4 25. Rd2 Bb4 26. Rdd1 Kg7 27. f4
Rfe8 28. Nd2 Ba2 29. Rbc1 Rd7 30. Nf3 Red8 31. Bf1 d3 32. Nd2 h5 33. h4 Be7 34.
Ra1 Bf7 35. Rab1 Bb4 36. Rbc1 Be7 37. Rb1 Rd4 38. Nb3 Rxa4 39. Rxd3 Rxd3 40.
Bxd3 Ra3 41. Bc2 Ra2 42. Bd3 a4 43. Na5 Rd2 44. Bc4 Bxc4 45. Nxc4 Rc2 46. Na5
a3 47. Nxb7 a2 48. Ra1 Rb2 49. Kg2 Rxb5 50. Rxa2 Rxb7 51. f5 gxf5 52. Ra5 Kg6
53. Ra2 f4 54. Ra5 fxg3 55. Kxg3 Rb3+ 56. f3 Bd6+ 57. Kf2 Rb2+ 58. Ke3 Rh2 59.
f4 Rxh4 60. f5+ Kg5 61. Rd5 Be5 62. Kf3 Kxf5 63. Rd8 Rh3+ 64. Kg2 Rg3+ 65. Kh1
Kg4 66. Rd2 Bf4 67. Rd4 f5 68. Ra4 Rc3 69. Kg2 Rc2+ 70. Kh1 Rc3 71. Ra8 Kh3 72.
Kg1 Bg3 73. Kf1 Re3 74. Ra1 Re1+ 75. Rxe1 Bxe1 76. Kxe1 Kg2 77. Ke2 f4 78. Kd3
f3 79. Ke3 f2 80. Kf4 0-1

[Event "European Blitz Championship 2021"]
[Site "Katowice"]
[Date "2021.12.17"]
[Round "18.8"]
[White "Kalogeris, Ioannis"]
[Black "Kovalenko, Igor"]
[Result "0-1"]
[WhiteElo "2287"]
[BlackElo "2668"]
[Annotator "TA"]
[PlyCount "20"]
[EventDate "2021.12.17"]
[EventType "swiss"]
[EventCountry "POL"]
[SourceTitle "playchess.com"]
[Source "ChessBase"]
[SourceQuality "1"]

1. e4 c5 2. Nf3 e6 3. Ng1 d5 4. exd5 exd5 5. d4 Nc6 6. Nf3 Bg4 7. Be2 Bxf3 8.
Bxf3 Nxd4 9. O-O Nf6 10. Nc3 Be7 0-1

[Event "European Blitz Championship 2021"]
[Site "Katowice"]
[Date "2021.12.17"]
[Round "18.8"]
[White "Kowalczyk, Mariusz"]
[Black "Snihur, Piotr"]
[Result "1/2-1/2"]
[WhiteElo "2070"]
[BlackElo "2237"]
[Annotator "NA"]
[PlyCount "140"]
[EventDate "2021.12.17"]
[EventType "swiss"]
[EventCountry "POL"]
[SourceTitle "playchess.com"]
[Source "ChessBase"]
[SourceQuality "1"]

1. e4 c6 2. d4 d5 3. Nc3 dxe4 4. Nxe4 Bf5 5. Ng3 Bg6 6. h4 h6 7. f4 e6 8. Nf3
Nd7 9. Be2 Ngf6 10. c3 Qc7 11. Ne5 Nxe5 12. fxe5 Nd5 13. O-O O-O-O 14. Qa4 Kb8
15. Qb3 f5 16. a4 Be7 17. h5 Be8 18. a5 f4 19. Ne4 Ne3 20. Rxf4 Nd5 21. Rf1 Rf8
22. Bd2 g5 23. a6 b6 24. Bg4 Bd7 25. Rae1 Bc8 26. Be2 Nf4 27. Qc4 b5 28. Qb3
Bxa6 29. Bxf4 gxf4 30. Ra1 Bc8 31. Bf3 a6 32. Rad1 Qb6 33. Nf6 Bxf6 34. exf6
Rxf6 35. Rfe1 Rf5 36. Qc2 Rg5 37. Qe4 Ka7 38. Qxf4 c5 39. dxc5 Qxc5+ 40. Kh1
Rxh5+ 41. Bxh5 Qxh5+ 42. Qh2 Qxh2+ 43. Kxh2 Rxd1 44. Rxd1 Kb6 45. Kg3 Kc5 46.
Kf4 Kc4 47. Ke5 Kb3 48. Rd2 a5 49. Kd4 Ba6 50. Kc5 b4 51. cxb4 axb4 52. Rd4
Kxb2 53. Rxb4+ Kc3 54. Rb6 Bc4 55. Rd6 Bd5 56. g3 Kd3 57. Rd8 Ke3 58. Kd6 Kf3
59. Rg8 Bc4 60. Ke5 h5 61. Rg5 Bd5 62. Kd4 Ba2 63. Kd3 e5 64. Rf5+ Kxg3 65.
Rxh5 Kf4 66. Rh2 Bd5 67. Rf2+ Kg4 68. Rf4+ Kg3 69. Rc4 Kf2 70. Kd2 Bb7 1/2-1/2

[Event "European Blitz Championship 2021"]
[Site "Katowice"]
[Date "2021.12.17"]
[Round "18.9"]
[White "Walter, Szymon"]
[Black "Zgadzaj, Rafal"]
[Result "1-0"]
[WhiteElo "2277"]
[BlackElo "2087"]
[Annotator "NA"]
[PlyCount "99"]
[EventDate "2021.12.17"]
[EventType "swiss"]
[EventCountry "POL"]
[SourceTitle "playchess.com"]
[Source "ChessBase"]
[SourceQuality "1"]

1. e4 d6 2. d4 Nf6 3. Nc3 g6 4. f3 Nbd7 5. Be3 a6 6. Qd2 b5 7. h4 Bb7 8. Nh3
Rc8 9. O-O-O Nb6 10. Bh6 Bxh6 11. Qxh6 b4 12. Ne2 c5 13. e5 Nfd5 14. Ng5 cxd4
15. Qg7 Rf8 16. Nxh7 Kd7 17. Nxf8+ Qxf8 18. Qxf8 Rxf8 19. Nxd4 dxe5 20. Nb3 Kc7
21. Nc5 Ne3 22. Rd3 Nec4 23. Be2 Nd6 24. Rhd1 a5 25. Re3 Rh8 26. Rxe5 e6 27.
Nb3 a4 28. Rc5+ Kb8 29. Rxd6 axb3 30. axb3 Nd5 31. Rd7 Rxh4 32. Rb5 Rh1+ 33.
Kd2 Kc8 34. Rbxb7 Rg1 35. Ra7 Rxg2 36. Rxf7 Kb8 37. Rad7 Kc8 38. Rxd5 exd5 39.
Ke3 Rh2 40. Bd3 g5 41. Rg7 Rh5 42. Kd4 Kd8 43. Kc5 Kc8 44. Kxb4 Rh3 45. Rxg5
Rxf3 46. Rxd5 Kb8 47. Rb5+ Ka7 48. Rb7+ Kxb7 49. Be4+ Kb6 50. Bxf3 1-0

[Event "European Blitz Championship 2021"]
[Site "Katowice"]
[Date "2021.12.17"]
[Round "18.9"]
[White "Kowalski, Igor"]
[Black "Laurusas, Tomas"]
[Result "1-0"]
[WhiteElo "2276"]
[BlackElo "2553"]
[Annotator "ChessBase"]
[PlyCount "65"]
[EventDate "2021.12.17"]
[EventType "swiss"]
[EventCountry "POL"]
[SourceTitle "playchess.com"]
[Source "ChessBase"]
[SourceQuality "1"]

1. d4 Nf6 2. Nf3 e6 3. c4 d5 4. e3 a6 5. Nc3 h6 6. a3 c5 7. dxc5 Bxc5 8. b4 Ba7
9. Bb2 O-O 10. Qb3 Nc6 11. Rd1 Qe7 12. cxd5 exd5 13. Nxd5 Nxd5 14. Qxd5 Rd8 15.
Qb3 Rxd1+ 16. Qxd1 Bf5 17. Be2 Rd8 18. Qa1 f6 19. O-O Be4 20. Rd1 Re8 21. Qa2+
Kh8 22. Qb3 Rc8 23. Bd3 Bxf3 24. gxf3 Ne5 25. Be2 b5 26. Qd5 Bb8 27. Qe4 Qf7
28. Bxe5 Bxe5 29. Bd3 g5 30. Bb1 Bb2 31. Qf5 Re8 32. Rd7 Re7 33. Rd8+ 1-0

[Event "European Blitz Championship 2021"]
[Site "Katowice"]
[Date "2021.12.17"]
[Round "18.10"]
[White "Donchenko, Alexander"]
[Black "Brodowski, Piotr"]
[Result "0-1"]
[WhiteElo "2645"]
[BlackElo "2335"]
[Annotator "RC"]
[PlyCount "106"]
[EventDate "2021.12.17"]
[EventType "swiss"]
[EventCountry "POL"]
[SourceTitle "playchess.com"]
[Source "ChessBase"]
[SourceQuality "1"]

1. d4 c5 2. d5 d6 3. e4 Nf6 4. Nc3 g6 5. h3 Bg7 6. Nf3 O-O 7. Bd3 Na6 8. O-O
Nc7 9. a4 b6 10. Qe2 a6 11. Bf4 Bb7 12. Rfe1 Qd7 13. Nd2 Rab8 14. Nc4 Ba8 15.
a5 b5 16. Nb6 Qd8 17. Qd2 Re8 18. Bh6 Bh8 19. Rad1 Nd7 20. Nxd7 Qxd7 21. Be2 b4
22. Nb1 Bxb2 23. c3 bxc3 24. Nxc3 Rb3 25. Qc2 Reb8 26. Rd3 e6 27. Bg4 Qe7 28.
Qd2 Qf6 29. e5 dxe5 30. Ne4 Qd8 31. Rxb3 Rxb3 32. Bg5 Qf8 33. Nf6+ Kh8 34. d6
Nd5 35. d7 Bc3 36. Qd1 Rb8 37. Re2 Bd4 38. Nxd5 Bxd5 39. Bf6+ Kg8 40. Qc1 Rd8
41. Bxd8 Qxd8 42. Bf3 Qxd7 43. Bxd5 Qxd5 44. Qb1 Kg7 45. Qb6 Qc4 46. Re1 Qc2
47. Rf1 Qe2 48. Qc6 e4 49. Qd6 e3 50. f3 Qd3 51. Rc1 e2+ 52. Kh1 Qe3 53. Re1
Qf2 0-1

[Event "European Blitz Championship 2021"]
[Site "Katowice"]
[Date "2021.12.17"]
[Round "18.10"]
[White "Kiolbasa, Damian"]
[Black "Zakrzewski, Marek"]
[Result "1-0"]
[WhiteElo "1965"]
[BlackElo "2279"]
[Annotator "NA"]
[PlyCount "128"]
[EventDate "2021.12.17"]
[EventType "swiss"]
[EventCountry "POL"]
[SourceTitle "playchess.com"]
[Source "ChessBase"]
[SourceQuality "1"]

1. d4 d5 2. c4 Nc6 3. Nf3 Bg4 4. cxd5 Bxf3 5. dxc6 Bxc6 6. Nc3 Nf6 7. f3 e5 8.
dxe5 Qxd1+ 9. Nxd1 Nd7 10. e6 fxe6 11. Nc3 O-O-O 12. Bg5 Re8 13. e4 Nb6 14. Be2
Bc5 15. O-O-O h6 16. Bh4 g5 17. Bg3 Rhg8 18. Nb5 Bxb5 19. Bxb5 c6 20. Be2 Be3+
21. Kc2 Bf4 22. Bf2 Kc7 23. b3 Nd7 24. a4 b6 25. Bc4 Ne5 26. Be2 g4 27. Bg3
Ref8 28. Bxf4 Rxf4 29. g3 Rf7 30. f4 Nd7 31. Bc4 Re8 32. b4 Rff8 33. Rd2 Nf6
34. Re1 Re7 35. Ree2 e5 36. f5 Rd8 37. Rxd8 Kxd8 38. Be6 Kc7 39. Kd3 h5 40. Ke3
h4 41. Rd2 Rh7 42. a5 hxg3 43. hxg3 Rh3 44. Rg2 Rh1 45. Kd3 Re1 46. Rh2 Rxe4
47. Rh6 Rd4+ 48. Kc2 Nd5 49. Rh7+ Kb8 50. a6 Nxb4+ 51. Kb2 Nxa6 52. Rh8+ Kc7
53. Rh7+ Kd8 54. Rxa7 Nc5 55. Bf7 Rd2+ 56. Kc1 Rf2 57. Bg6 e4 58. Kd1 e3 59.
Ra8+ Ke7 60. Ra7+ Kf6 61. Rf7+ Ke5 62. Re7+ Kd4 63. Bh5 Nd3 64. Bxg4 Rd2# 1-0

[Event "European Blitz Championship 2021"]
[Site "Katowice"]
[Date "2021.12.17"]
[Round "18.11"]
[White "Plat, Vojtech"]
[Black "Lewtak, Damian"]
[Result "1-0"]
[WhiteElo "2548"]
[BlackElo "2203"]
[Annotator "ChessBase"]
[PlyCount "56"]
[EventDate "2021.12.17"]
[EventType "swiss"]
[EventCountry "POL"]
[SourceTitle "playchess.com"]
[Source "ChessBase"]
[SourceQuality "1"]

1. e4 c5 2. Nf3 Nc6 3. c3 e6 4. d4 d5 5. exd5 exd5 6. Bb5 cxd4 7. Nxd4 Bd7 8.
O-O Be7 9. Re1 Nf6 10. Qe2 Nxd4 11. cxd4 Bxb5 12. Qxb5+ Qd7 13. Qe2 O-O 14.
Qxe7 Qc6 15. Qa3 Rae8 16. Be3 Ng4 17. Nd2 Re6 18. Nf1 Rfe8 19. h3 Nf6 20. Rac1
Qb6 21. Ng3 h6 22. Qc3 Qa6 23. a3 Rc6 24. Qd2 Rce6 25. Bf4 Ne4 26. Nxe4 dxe4
27. d5 Rd8 28. dxe6 e3 1-0

[Event "European Blitz Championship 2021"]
[Site "Katowice"]
[Date "2021.12.17"]
[Round "18.11"]
[White "Goraj, Barbara"]
[Black "Janaszak, Dawid"]
[Result "0-1"]
[WhiteElo "1902"]
[BlackElo "2328"]
[Annotator "NA"]
[PlyCount "76"]
[EventDate "2021.12.17"]
[EventType "swiss"]
[EventCountry "POL"]
[SourceTitle "playchess.com"]
[Source "ChessBase"]
[SourceQuality "1"]

1. e4 c5 2. Nf3 Nc6 3. d4 cxd4 4. Nxd4 g6 5. c4 Bg7 6. Be3 Qb6 7. Nxc6 Qxc6 8.
Qc2 Nf6 9. f3 d5 10. e5 Nd7 11. f4 O-O 12. Na3 Nb6 13. c5 Bf5 14. Qd2 Nc4 15.
Nxc4 dxc4 16. Bxc4 Rad8 17. Qe2 Kh8 18. O-O f6 19. exf6 Bxf6 20. Kh1 h5 21. Kg1
Kg7 22. Rac1 a6 23. b4 Qa4 24. Rfd1 Qxb4 25. Rxd8 Rxd8 26. Bb3 Qe4 27. Bc2 Qe6
28. Bxf5 gxf5 29. Kf1 h4 30. Re1 Qe4 31. Qf2 Rd3 32. a4 Qxa4 33. Qe2 Qe4 34.
Qf2 Qc4 35. Kg1 a5 36. Qf3 Qc3 37. Kf2 Rxe3 38. Rxe3 Bd4 0-1

[Event "European Blitz Championship 2021"]
[Site "Katowice"]
[Date "2021.12.17"]
[Round "18.12"]
[White "Malik, Maciej"]
[Black "Masternak, Grzegorz"]
[Result "0-1"]
[WhiteElo "1987"]
[BlackElo "2188"]
[Annotator "NA"]
[PlyCount "62"]
[EventDate "2021.12.17"]
[EventType "swiss"]
[EventCountry "POL"]
[SourceTitle "playchess.com"]
[Source "ChessBase"]
[SourceQuality "1"]

1. d4 d5 2. Nf3 Nf6 3. e3 c5 4. b3 Nc6 5. Bb2 Bf5 6. a3 e6 7. Bd3 Bg6 8. O-O
Bd6 9. Ne5 O-O 10. f4 Be4 11. Nd2 Bxd3 12. cxd3 cxd4 13. exd4 Qb6 14. Ndf3 a5
15. Kh1 Rac8 16. Rc1 Na7 17. Rxc8 Rxc8 18. Ng5 Rc7 19. Re1 h6 20. Ngf3 Nb5 21.
Re2 Nxa3 22. g4 Nb5 23. g5 hxg5 24. fxg5 Bxe5 25. Nxe5 Nd7 26. Ng4 Nc3 27. Bxc3
Rxc3 28. Rg2 Qc7 29. Nf6+ Nxf6 30. gxf6 Rc1 31. Rxg7+ Kf8 0-1

[Event "European Blitz Championship 2021"]
[Site "Katowice"]
[Date "2021.12.17"]
[Round "18.13"]
[White "Ortega Ruiz, Jose Miguel"]
[Black "Kaliszuk, Kamil"]
[Result "1-0"]
[WhiteElo "2317"]
[BlackElo "1830"]
[Annotator "NA"]
[PlyCount "61"]
[EventDate "2021.12.17"]
[EventType "swiss"]
[EventCountry "POL"]
[SourceTitle "playchess.com"]
[Source "ChessBase"]
[SourceQuality "1"]

1. d4 Nf6 2. c4 e6 3. Nf3 d5 4. e3 c6 5. Nc3 Nbd7 6. b3 Ne4 7. Nxe4 dxe4 8. Nd2
f5 9. Be2 Bd6 10. a4 Qe7 11. g4 O-O 12. gxf5 exf5 13. c5 Bc7 14. Bc4+ Kh8 15.
Qh5 f4 16. Bb2 Nf6 17. Qh4 Bg4 18. Rg1 fxe3 19. fxe3 Bf3 20. b4 g5 21. Rxg5 Nd5
22. Bxd5 cxd5 23. Rg8+ Rxg8 24. Qxe7 Raf8 25. Qxc7 Rg1+ 26. Nf1 Rg2 27. Qe5+
Kg8 28. Qg3+ Rxg3 29. Nxg3 h5 30. Kd2 h4 31. Ne2 1-0

[Event "European Blitz Championship 2021"]
[Site "Katowice"]
[Date "2021.12.17"]
[Round "18.15"]
[White "Tazbir, Marcin"]
[Black "Gdanski, Jacek"]
[Result "1-0"]
[WhiteElo "2508"]
[BlackElo "2367"]
[Annotator "ChessBase"]
[PlyCount "43"]
[EventDate "2021.12.17"]
[EventType "swiss"]
[EventCountry "POL"]
[SourceTitle "playchess.com"]
[Source "ChessBase"]
[SourceQuality "1"]

1. c4 e5 2. g3 c6 3. Nf3 e4 4. Nd4 d5 5. d3 exd3 6. Qxd3 Nf6 7. Bg2 Bb4+ 8. Bd2
Bxd2+ 9. Nxd2 O-O 10. O-O Re8 11. cxd5 Nxd5 12. a3 Nd7 13. Qc2 N7f6 14. Rad1
Bg4 15. Rfe1 Qd7 16. N2b3 Bh3 17. e4 Bxg2 18. Kxg2 Nb6 19. Nf5 Qc7 20. Nd6 Re6
21. e5 Rae8 22. Nxe8 1-0

[Event "European Blitz Championship 2021"]
[Site "Katowice"]
[Date "2021.12.17"]
[Round "18.16"]
[White "Kulon, Klaudia"]
[Black "Mica, Marek"]
[Result "1-0"]
[WhiteElo "2265"]
[BlackElo "2055"]
[Annotator "NA"]
[PlyCount "99"]
[EventDate "2021.12.17"]
[EventType "swiss"]
[EventCountry "POL"]
[SourceTitle "playchess.com"]
[Source "ChessBase"]
[SourceQuality "1"]

1. c4 Nf6 2. g3 e6 3. Bg2 d5 4. Nf3 dxc4 5. O-O a6 6. a4 Nc6 7. Na3 Bxa3 8.
Rxa3 Rb8 9. a5 Qd5 10. Ne1 Qb5 11. Qa4 Bd7 12. Nc2 O-O 13. Rd1 Ne5 14. Qxb5
axb5 15. b4 Bc6 16. f3 Rfd8 17. Bb2 Ng6 18. d3 cxd3 19. Raxd3 Rxd3 20. Rxd3 Bd5
21. e4 Bc4 22. Rd2 Ne7 23. Ne3 Nc6 24. Bc3 Bb3 25. Bf1 Ba4 26. g4 Rd8 27. Rb2
h6 28. Kf2 Ne8 29. e5 g6 30. f4 Ng7 31. Rd2 Rxd2+ 32. Bxd2 h5 33. h3 hxg4 34.
hxg4 g5 35. Kg3 gxf4+ 36. Kxf4 Ne7 37. Bc3 c6 38. Bg2 Bb3 39. Nf1 Ne8 40. Nd2
Bd5 41. Bf1 Ng6+ 42. Ke3 Kg7 43. Kd4 Nc7 44. Kc5 Nf4 45. Kb6 Ne8 46. Bd4 f6 47.
Bc5 fxe5 48. Kxb7 e4 49. a6 Nf6 50. a7 1-0